• 首页
  • 本馆介绍
  • 公告通知
  • 最新文献
  • 馆藏检索
  • 电子资源
  • 读者导购
  • 参考咨询
  • 我的图书馆
  • 登录
  • 详细信息显示
  • 放入我的书架
  • 预约/预借图书
  • 作者相关作品
  • 分类相关作品
  • 丛书相关作品
  • 出版社相关作品

书目信息

  • 表格格式
  • 工作单格式
  • 卡片格式
题名:
分子免疫学基础
    
 
作者: 王重庆 编著
分册:  
出版信息: 北京   北京大学出版社  1997
页数: 272页
开本: 26cm
丛书名:
单 册:
中图分类: Q939.91
科图分类:
主题词: 分子免疫学--高等学校--教材
电子资源:
ISBN: 7-301-03034-7
000 00600nam0 2200217 45
001 0198006795
005 20040525103713.4
010    @a7-301-03034-7@dCNY25.00
100    @a19980123d1997 em y0chiy0121 ea
101 0  @achi
102    @aCN@b110000
105    @ay z 000yy
106    @ar
200 10 @a分子免疫学基础@Afen zi mian yi xue ji chu@f王重庆编著
210    @a北京@c北京大学出版社@d1997
215    @a272页@d26cm
606    @a分子免疫学@x高等学校@x教材
690    @aQ939.91@v3
701  0 @a王重庆@Awang chong qing@4编著
801  0 @aCN@bNLC@c19980216
905    @f2@b280279-280@dQ939.91@e26
    
    分子免疫学基础/王重庆编著.-北京:北京大学出版社,1997
    272页;26cm
    
    
    ISBN 7-301-03034-7:CNY25.00
    
●
相关链接 在E读中查询图书 在五车中查询图书 在当当中查询图书 在豆瓣中查询图书


正题名:分子免疫学基础     索取号:Q939.91/26         预约/预借

序号 登录号 条形码 馆藏地/架位号 状态 备注
1 0280279   002802792   第三借阅区/ [索取号:Q939.91/26] 在馆    
2 0280280   002802809   第三借阅区/ [索取号:Q939.91/26] 在馆    
3 0280281   002802818   第二样本阅览室/ [索取号:Q939.91/26] 在馆    
唐山师范学院图书馆 欢迎您!
大连网信软件有限公司© 版权所有